Erinnerungen eines Musikers (Record no. 9532)

MARC details
000 -CABECERA
campo de control de longitud fija 00646nam a2200229 a 4500
001 - NÚMERO DE CONTROL
campo de control BRL_720
005 - FECHA Y HORA DE LA ÚLTIMA TRANSACCIÓN
campo de control 20190320210851.0
008 - DATOS DE LONGITUD FIJA--INFORMACIÓN GENERAL
campo de control de longitud fija 300913s1922----gw-#######---#000-0#ger-#
041 ## - CÓDIGO DE LENGUA
Código de lengua del texto/banda sonora o título independiente ger
044 ## - CÓDIGO DEL PAÍS DE LA ENTIDAD EDITORA/PRODUCTORA
Código MARC del país gw
050 #4 - SIGNATURA TOPOGRÁFICA DE LA BIBLIOTECA DEL CONGRESO
Número de clasificación ML410.C4
Número de documento/Ítem .T34 1922
100 1# - ENTRADA PRINCIPAL--NOMBRE DE PERSONA
Nombre de persona Tchaíkowsky, Peter
Fechas asociadas al nombre 1840-1893
9 (RLIN) 24742
245 10 - MENCIÓN DE TÍTULO
Título Erinnerungen eines Musikers
Mención de responsabilidad, etc. Peter Tchaíkowsky.
260 ## - PUBLICACIÓN, DISTRIBUCIÓN, ETC.
Lugar de publicación, distribución, etc. Leipzig
Nombre del editor, distribuidor, etc. Philipp Reclam Jun
Fecha de publicación, distribución, etc. 1922
300 ## - DESCRIPCIÓN FÍSICA
Extensión 145 p.
Dimensiones 16 cm.
500 ## - NOTA GENERAL
Nota general Estado físico : falta cubierta del libro
500 ## - NOTA GENERAL
Nota general Au799
650 14 - PUNTO DE ACCESO ADICIONAL DE MATERIA--TÉRMINO DE MATERIA
Término de materia o nombre geográfico como elemento de entrada Música
Subdivisión de forma Letras de canciones
9 (RLIN) 24743
700 1# - PUNTO DE ACCESO ADICIONAL--NOMBRE DE PERSONA
Nombre de persona Stumcke, Heinrich
9 (RLIN) 24744
902 ## - CATALOGADOR
Iniciales GRL
942 ## - ELEMENTOS DE PUNTO DE ACCESO ADICIONAL (KOHA)
Fuente del sistema de clasificación o colocación Library of Congress Classification
Tipo de ítem Koha Libros
Holdings
Estado de retiro Estado de pérdida Estado dañado No para préstamo Localización permanente Ubicación/localización actual Fecha de adquisición Número de inventario Total de préstamos Signatura topográfica completa Código de barras Fecha visto por última vez Precio válido a partir de Tipo de ítem Koha
El ejemplar forma parte de la colección y puede ser consultado según las políticas vigentes.       Biblioteca Centro de Estudios Ruth D. Lechuga Biblioteca Centro de Estudios Ruth D. Lechuga 30/09/2013 Au799   ML410.C4 .T34 1922 (Au799) GRL02168 22/03/2019 22/03/2019 Libros